After the green revolution : sustainable agriculture for development

Αποθηκεύτηκε σε:
Λεπτομέρειες βιβλιογραφικής εγγραφής
Κύριος συγγραφέας: Conway, Gordon
Άλλοι συγγραφείς: Barbier, Edward 1957-
Μορφή: Βιβλίο
Γλώσσα:English
Δημοσίευση: London : Earthscan , 1990
Θέματα:
Ετικέτες: Προσθήκη ετικέτας
Δεν υπάρχουν, Καταχωρήστε ετικέτα πρώτοι!

MARC

LEADER 00000nam a2200000 i 4500
001 1/11997
008 980213s1990 eng d
020 |a 1-85383-035-6 
035 |1 ΠΑΡ  |a 1997  |l 10018465 
040 |a GR-MY-UA  |b gre  |e aacr 
041 0 |a eng 
082 0 |a 338.1091724 
100 1 |a Conway, Gordon. 
245 1 0 |a After the green revolution :  |b sustainable agriculture for development /  |c Gordon R. Conway; Edward B. Barbier 
260 |a London :   |b Earthscan ,   |c 1990 
300 |a 205 p.  |b fig.; tables 
504 |a Includes bibliographical references and index 
650 0 0 |a Agriculture  |x Economic aspects. 
650 0 0 |a Economic development. 
650 0 0 |a Agriculture  |x Economic aspects  |z Developing countries. 
700 1 |a Barbier, Edward  |d 1957- 
852 |a INST  |b LESVOS  |e 19980213  |h 338.1091724 CON  |p 005100015182  |q 005100015182  |t BK  |y 0 
909 |a Λ  |b 052215 
950 |a 054/1996-02-23